000 00501 a2200157 4500
005 20250621083544.0
020 _a0-7506-4369-2
082 _a658.834 PHI
100 _aPHIPPS, R.
245 _aThe Marketing Customer Interface 1999-2000
260 _aUK,
_bCIM Workbook,
_c2000.
300 _axiii, 338p.: ill.; table, figure,
_bGlossary, index,
_c29cm.
700 _aSIMMONS, C.
856 _yAccess Online Book
_fThe Marketing Customer Interface 1999-2000
_dhttp://www.bh.com
942 _2ddc
_cBKS
999 _c1444
_d1444